Countries at 30°S Latitude - Statistics

General Stats
  • This quiz has been taken 400 times
  • The average score is 6 of 6
Answer Stats
Country % Correct
Argentina
98%
Chile
98%
Australia
97%
South Africa
95%
Brazil
87%
Lesotho
87%
No matching quizzes found
Score Distribution
Percent of People with Each Score
Percentile by Number Answered
Your Score History
You have not taken this quiz